Datum a čas kvízu
27
Celkem bodů
Celkový počet nahraných bodů na tomto kvízu bez doplňovacích otázek.
1.
Pořadí na kvízu
Konečné umístění týmu na tomto kvízu.
Zaznamenané odpovědi
| # | Otázka | Odpověď | Body | Výsledky |
|---|---|---|---|---|
| 1. | Centrum alternativní medicíny... | AKTIP | 0 | |
| 2. | Prezident Umar al-Bašír pod tl... | v Súdánu | 1 | |
| 3. | Deset koncertů a dost! Jak se... | Spirituál kvintet | 0 | |
| 4. | Strakonická firma, specializuj... | Moira | 0 | |
| 5. | Bývalý kapitán reprezentace On... | ve volejbale | 0 | |
| 6. | V tomto tématu se podíváme na... | Všechno bude, Zelená kniha | 0.5 | |
| 5. | V roce 1984 natočil režisér Wi... | Paříž, Texas | 1 | |
| 8. | Komediální road movie Pařba ve... | Vo štvorici po opici | 0 | |
| 5. | Road movie, v níž se dva bratř... | Charlie, Raymond | 1 | |
| 10. | Jistou formou road movies jsou... | v Argentině | 1 |